000 00582cam a22002291 4500
001 sa 63003527
003 DLC
005 20260227111942.0
008 940609s1962 ii 000 1 malo
010 _asa 63003527
025 _aPL480:I-Mal-34
035 _a(OCoLC)30578784
040 _aDLC
_cCU
_dCU
_dDLC
042 _apremarc
050 0 0 _aPK1723.C58
_bM3 1962
100 1 _aTagore, Rabindranath,
_d1861-1941.
245 1 0 _aCitr̲āṅgada.
260 _c[1962]
300 _a56 p.
_c19 cm.
500 _aIn Malayalam.
700 1 _aKr̥ṣṇavāriyar, En. Vi.,
_d1917-
999 _c55132
_d55132